[Event "SK Dülmen 1 - SF Olfen 1"]
[Site "Regionalliga 2016/2017"]
[Date "2017.03.11"]
[Round "7.1"]
[White "Koke, Christoph"]
[Black "Eiersbrock, Robin"]
[Result "0-1"]
[WhiteElo "2073"]
[BlackElo "2004"]
[PlyCount "60"]
[EventDate "2017.??.??"]
[SourceDate "2016.10.07"]

1. d4 Nf6 2. c4 g6 3. g3 Bg7 4. Bg2 O-O 5. Nc3 d6 6. Nf3 Nbd7 7. O-O Re8 8. e4
e5 9. h3 exd4 10. Nxd4 Nc5 11. Re1 a5 12. Rb1 Re7 13. b3 Qe8 14. Ndb5 h6 15.
Ba3 Rb8 16. Nxd6 cxd6 17. Qxd6 Nfd7 18. Nb5 b6 19. Bxc5 bxc5 20. Qc7 Ba6 21.
Qxa5 Bxb5 22. cxb5 Nf6 23. b6 Nxe4 24. b4 Bd4 25. Rxe4 Rxe4 26. bxc5 Re5 27.
Rc1 Qe7 28. Qa7 Qd8 29. Rd1 Bxf2+ 30. Kxf2 Rf5+ 0-1

[Event "SK Dülmen 1 - SF Olfen 1"]
[Site "Regionalliga 2016/2017"]
[Date "2017.03.11"]
[Round "7.3"]
[White "Beutelhoff, Josef"]
[Black "Schlütermann, Philipp"]
[Result "1/2-1/2"]
[WhiteElo "1982"]
[BlackElo "1829"]
[PlyCount "60"]
[EventDate "2017.??.??"]
[SourceDate "2016.10.07"]

1. d4 Nf6 2. c4 e6 3. Nf3 b6 4. g3 Bb7 5. Bg2 Be7 6. O-O O-O 7. Nc3 d5 8. cxd5
exd5 9. Bf4 Nh5 10. Bd2 Nd7 11. Ne5 c6 12. e4 Nhf6 13. Nxd7 Qxd7 14. exd5 cxd5
15. Re1 Rfe8 16. Rc1 Bd6 17. Qb3 Ne4 18. Be3 Nxc3 19. bxc3 Be7 20. Bd2 Rac8 21.
Re3 Bf6 22. Rce1 Rxe3 23. Rxe3 a6 24. Re1 Qf5 25. Qb1 Qd7 26. Bf1 h5 27. h4 Re8
28. Rxe8+ Qxe8 29. Be3 Qc6 30. Qb3 Bc8 1/2-1/2

[Event "SK Dülmen 1 - SF Olfen 1"]
[Site "Regionalliga 2016/2017"]
[Date "2017.03.11"]
[Round "7.4"]
[White "Lödding, Detlef"]
[Black "Grawunder, Jürgen"]
[Result "0-1"]
[WhiteElo "1881"]
[BlackElo "1954"]
[PlyCount "104"]
[EventDate "2017.??.??"]
[SourceDate "2016.10.07"]

1. c4 e5 2. e3 d6 3. Nc3 c6 4. d4 Nd7 5. g3 Ngf6 6. Bg2 Be7 7. Nge2 O-O 8. O-O
a5 9. b3 Qc7 10. Bb2 b6 11. Nb5 Qb7 12. Ba3 e4 13. Bxd6 Re8 14. Bxe7 Rxe7 15.
Nbc3 Nf8 16. Nf4 Bg4 17. Qc2 g5 18. Nfe2 Qd7 19. Rad1 Rae8 20. d5 c5 21. d6 Re5
22. Nb5 Ng6 23. Rd2 Bh3 24. Nec3 Bxg2 25. Kxg2 Qg4 26. f4 exf3+ 27. Kh1 Rxe3
28. Nc7 Rd8 29. N7d5 Re6 30. Nxf6+ Rxf6 31. Ne4 Re6 32. Nf2 Qh5 33. Qc3 Ne5 34.
Rd5 f6 35. Qc2 Qg6 36. Qd2 f5 37. Re1 Nf7 38. d7 h6 39. Re3 g4 40. Qe1 Ng5 41.
Rd6 Kf7 42. Rdxe6 Nxe6 43. Nd3 Qf6 44. Ne5+ Kg7 45. Nc6 Rxd7 46. Kg1 Nd4 47.
Nb8 Rf7 48. Re8 Ne2+ 49. Rxe2 fxe2 50. Qxe2 Re7 51. Qc2 Qa1+ 52. Kg2 Qe1 0-1

[Event "SK Dülmen 1 - SF Olfen 1"]
[Site "Regionalliga 2016/2017"]
[Date "2017.03.11"]
[Round "7.5"]
[White "Preuß, Richard"]
[Black "Eiersbrock, Marko"]
[Result "1-0"]
[WhiteElo "1748"]
[BlackElo "1836"]
[PlyCount "95"]
[EventDate "2017.??.??"]
[SourceDate "2016.10.07"]

1. e4 c5 2. Nf3 Nc6 3. d4 cxd4 4. Nxd4 g6 5. Nc3 Bg7 6. Be3 d6 7. Be2 Nf6 8.
O-O O-O 9. Qd2 Bg4 10. f3 Bd7 11. Rad1 a6 12. a3 Rc8 13. Nb3 Ne5 14. Rfe1 Be6
15. Nd4 Bc4 16. f4 Neg4 17. Bxc4 Rxc4 18. h3 Nxe3 19. Qxe3 Qa5 20. Nb3 Qc7 21.
e5 Ne8 22. Nd5 Qd8 23. exd6 exd6 24. Qd3 b5 25. c3 Qa8 26. Nb6 Qa7 27. Qe3 Rc7
28. Nd5 Qxe3+ 29. Rxe3 Rc4 30. Na5 Ra4 31. Nc6 f5 32. g3 Rc4 33. Nb8 Nc7 34.
Nxc7 Rxc7 35. Nxa6 Rd7 36. Nc5 Rdd8 37. Red3 Rfe8 38. Kf2 Bf8 39. R1d2 d5 40.
Nb3 Re4 41. Rxd5 Rb8 42. Nd4 b4 43. axb4 Bxb4 44. cxb4 Rxb4 45. Nc6 Rb3 46. Rd7
Rb6 47. Rc7 Re8 48. b4 1-0

[Event "SK Dülmen 1 - SF Olfen 1"]
[Site "Regionalliga 2016/2017"]
[Date "2017.03.11"]
[Round "7.6"]
[White "Liebing, Ingo"]
[Black "Boenigk, Winfried"]
[Result "1-0"]
[WhiteElo "1770"]
[BlackElo "1716"]
[PlyCount "79"]
[EventDate "2017.??.??"]
[SourceDate "2016.10.07"]

1. c4 Nf6 2. g3 e5 3. Bg2 Nc6 4. Nc3 d6 5. d3 Be7 6. Nd5 O-O 7. e4 Nd4 8. h3
Nxd5 9. cxd5 c6 10. dxc6 bxc6 11. Ne2 c5 12. O-O Qb6 13. Nc3 Be6 14. b3 Rfc8
15. Be3 Qb4 16. Rc1 Rab8 17. f4 f6 18. f5 Bf7 19. h4 Bf8 20. g4 Nxb3 21. axb3
Bxb3 22. Qe1 Qb7 23. g5 a5 24. Rb1 Qc7 25. Nd5 Bxd5 26. Rxb8 Rxb8 27. exd5 Rb3
28. Qe2 Qb7 29. Ra1 Qb5 30. Bf1 Rb2 31. Qd1 Rb4 32. Bd2 Rxh4 33. Rxa5 Qd7 34.
Qf3 fxg5 35. Bxg5 Ra4 36. Rxa4 Qxa4 37. f6 Qe8 38. Bh3 Qg6 39. f7+ Kh8 40. Qf5
1-0

[Event "SK Dülmen 1 - SF Olfen 1"]
[Site "Regionalliga 2016/2017"]
[Date "2017.03.11"]
[Round "7.7"]
[White "Limberg, Johannes"]
[Black "Weise, Andreas"]
[Result "0-1"]
[WhiteElo "1599"]
[BlackElo "1647"]
[PlyCount "94"]
[EventDate "2017.??.??"]
[SourceDate "2016.10.07"]

1. e4 e6 2. d4 d5 3. exd5 exd5 4. Nf3 Nf6 5. Bg5 Be7 6. c4 c6 7. Nc3 O-O 8. Bd3
dxc4 9. Bxc4 Bg4 10. Be2 Nbd7 11. O-O Re8 12. Qc2 h6 13. Bh4 Nb6 14. Rad1 Nbd5
15. Rfe1 Nf4 16. Ne5 Bxe2 17. Nxe2 Nxe2+ 18. Rxe2 Nd7 19. Bxe7 Rxe7 20. Nxd7
Qxd7 21. Rxe7 Qxe7 22. g3 Rd8 23. Kf1 Qe6 24. a3 Qd5 25. Kg1 c5 26. Qd3 cxd4
27. Re1 Rc8 28. f3 g6 29. Qe4 Qxe4 30. Rxe4 d3 31. Rd4 Rc1+ 32. Kf2 Rc2+ 33.
Kg1 d2 34. Kf1 Rxb2 35. Ke2 d1=Q+ 36. Kxd1 Rxh2 37. Rd7 Ra2 38. Rxb7 Rxa3 39.
Ke2 h5 40. Kf2 Kg7 41. f4 Kf6 42. Kg2 Ke6 43. Kh3 f6 44. Kh4 a5 45. f5+ Kxf5
46. g4+ hxg4 47. Rb3 g5+ 0-1

[Event "SK Dülmen 1 - SF Olfen 1"]
[Site "Regionalliga 2016/2017"]
[Date "2017.03.11"]
[Round "7.8"]
[White "Döhler, Thorsten"]
[Black "Spanka, Friedhelm"]
[Result "1/2-1/2"]
[WhiteElo "1821"]
[BlackElo "1519"]
[PlyCount "60"]
[EventDate "2017.??.??"]
[SourceDate "2016.10.07"]

1. e4 c5 2. Nc3 Nc6 3. f4 d6 4. Nf3 Nf6 5. Bb5 Bd7 6. O-O g6 7. d3 Bg7 8. Bxc6
Bxc6 9. Qe1 O-O 10. Qh4 e6 11. g4 Rc8 12. Ne2 c4 13. Be3 cxd3 14. cxd3 Bb5 15.
Rad1 Nxe4 16. Qxd8 Rfxd8 17. Ned4 Bxd4 18. Nxd4 Ba6 19. dxe4 Bxf1 20. Rxf1 e5
21. fxe5 dxe5 22. Nf3 f6 23. g5 f5 24. exf5 gxf5 25. Nxe5 Rd5 26. Rxf5 Rc2 27.
Ng4 Rxf5 28. Nh6+ Kg7 29. Nxf5+ Kg6 30. Ng3 Rxb2 1/2-1/2

[Event "SK Münster 3 - SC Gronau 1"]
[Site "Regionalliga 2016/2017"]
[Date "2017.03.11"]
[Round "7.1"]
[White "Monsma, Menno"]
[Black "Borrink, Jörn"]
[Result "1/2-1/2"]
[WhiteElo "2033"]
[BlackElo "2098"]
[PlyCount "147"]
[EventDate "2017.??.??"]
[SourceDate "2016.10.07"]

1. d4 d5 2. c4 e6 3. Nf3 Nf6 4. Nc3 c6 5. e3 Bd6 6. Bd3 Nbd7 7. e4 dxe4 8. Nxe4
Nxe4 9. Bxe4 Nf6 10. Bc2 O-O 11. O-O h6 12. Qd3 c5 13. Bd2 cxd4 14. Nxd4 Bc5
15. Bc3 e5 16. Nb3 Qxd3 17. Bxd3 Bd6 18. Rfe1 Re8 19. f4 Nd7 20. Bf5 Nb6 21.
Bxc8 Raxc8 22. fxe5 Bf8 23. Na5 Nxc4 24. Nxc4 Rxc4 25. Rad1 Bb4 26. Rd7 Bxc3
27. bxc3 Rxc3 28. Rxb7 Ra3 29. Rf1 Rf8 30. Rf2 Ra5 31. Re7 a6 32. Rd2 Rb8 33.
h4 Ra4 34. Rdd7 Rb1+ 35. Kh2 Rxh4+ 36. Kg3 Rh5 37. Rxf7 Rg5+ 38. Kf2 Rb2+ 39.
Kf1 Rb6 40. Rfe7 Kh7 41. Rd2 Rf5+ 42. Kg1 Rb1+ 43. Kh2 Re1 44. Ra7 Rexe5 45.
Rxa6 Ra5 46. Rxa5 Rxa5 47. Kg3 Kg6 48. Kf4 h5 49. Ke4 Ra7 50. Kd3 Kf5 51. Kc4
Ra8 52. Kb5 Rb8+ 53. Kc5 Ra8 54. Kb4 Rb8+ 55. Kc3 Ra8 56. Kb2 Rb8+ 57. Ka1 h4
58. a4 g5 59. a5 Ra8 60. Ra2 Kf4 61. Kb2 g4 62. Kc3 Kg3 63. Kb4 h3 64. gxh3
gxh3 65. Ra3+ Kh4 66. Kb5 Rb8+ 67. Kc6 h2 68. Ra1 Rg8 69. Rh1 Kh3 70. a6 Kg2
71. Rxh2+ Kxh2 72. a7 Ra8 73. Kb7 Rxa7+ 74. Kxa7 1/2-1/2

[Event "SK Münster 3 - SC Gronau 1"]
[Site "Regionalliga 2016/2017"]
[Date "2017.03.11"]
[Round "7.2"]
[White "Baumann, Stephan"]
[Black "Langendijk, Andre"]
[Result "1-0"]
[WhiteElo "2003"]
[BlackElo "1939"]
[PlyCount "67"]
[EventDate "2017.??.??"]
[SourceDate "2016.10.07"]

1. e4 g6 2. Nc3 Bg7 3. d3 c5 4. f4 Nc6 5. Nf3 e6 6. Be2 Nge7 7. O-O O-O 8. Qe1
Nd4 9. Bd1 d5 10. Ne2 b6 11. c3 Nxf3+ 12. Rxf3 Bb7 13. Bc2 f5 14. Rh3 dxe4 15.
dxe4 fxe4 16. Ng3 e5 17. Nxe4 exf4 18. Bb3+ Bd5 19. Rd3 Rf5 20. c4 Bd4+ 21.
Rxd4 cxd4 22. cxd5 Nxd5 23. Qf2 Qe7 24. Qxd4 Rd8 25. Bd2 Kf8 26. Qh8+ Kf7 27.
Qxh7+ Kf8 28. Qh8+ Kf7 29. Qd4 Kf8 30. Bc3 Nf6 31. Qc4 b5 32. Bxf6 Qxf6 33.
Qg8+ Ke7 34. Nxf6 1-0

[Event "SK Münster 3 - SC Gronau 1"]
[Site "Regionalliga 2016/2017"]
[Date "2017.03.11"]
[Round "7.3"]
[White "Storck, Martin"]
[Black "Ollech, Dirk"]
[Result "1/2-1/2"]
[WhiteElo "1931"]
[BlackElo "1921"]
[PlyCount "117"]
[EventDate "2017.??.??"]
[SourceDate "2016.10.07"]

1. c4 Nf6 2. Nc3 c5 3. g3 g6 4. Bg2 Bg7 5. e3 O-O 6. Nge2 Nc6 7. d4 d6 8. O-O
Bf5 9. b3 Qd7 10. Bb2 Bh3 11. Nd5 Bxg2 12. Nxf6+ Bxf6 13. Kxg2 Qf5 14. f3 h5
15. e4 Qd7 16. Rb1 cxd4 17. Nxd4 Nxd4 18. Bxd4 Bxd4 19. Qxd4 Qc6 20. Rbc1 Qc5
21. Qd2 a5 22. Rfd1 Rfc8 23. Qd5 Qxd5 24. Rxd5 Rc7 25. a4 Rc5 26. Rcd1 f6 27.
Rxc5 dxc5 28. Rd7 Kf7 29. Rxb7 Rd8 30. Rb5 Rd2+ 31. Kg1 Rd1+ 32. Kf2 Rd2+ 33.
Ke3 Rxh2 34. Rxa5 Rb2 35. Rb5 g5 36. a5 h4 37. gxh4 gxh4 38. Rxc5 Rxb3+ 39. Kf2
Rb2+ 40. Kg1 Kg6 41. Rb5 Ra2 42. f4 h3 43. e5 f5 44. Rb3 Rxa5 45. Kh2 Ra2+ 46.
Kxh3 Rc2 47. Rb6+ Kh5 48. Rc6 Rc3+ 49. Kg2 Kg4 50. Kf2 Kxf4 51. e6 Ke5 52. Ke2
f4 53. Kd2 Re3 54. Rc8 Kxe6 55. Rd8 Ra3 56. c5 Ra5 57. Rf8 Rxc5 58. Rxf4 Ke5
59. Rh4 1/2-1/2

[Event "SK Münster 3 - SC Gronau 1"]
[Site "Regionalliga 2016/2017"]
[Date "2017.03.11"]
[Round "7.5"]
[White "Hoge, Torsten"]
[Black "Meyer, Ulrich"]
[Result "1/2-1/2"]
[WhiteElo "1899"]
[BlackElo "1961"]
[PlyCount "72"]
[EventDate "2017.??.??"]
[SourceDate "2016.10.07"]

1. c4 b6 2. Nc3 Bb7 3. Nf3 e6 4. g3 g6 5. Bg2 Bg7 6. O-O Ne7 7. d3 d6 8. Bd2
Nd7 9. Qc2 h6 10. Rad1 a6 11. Rfe1 g5 12. h3 Ng6 13. d4 O-O 14. b4 Qe7 15. e4
Rac8 16. c5 bxc5 17. bxc5 dxc5 18. d5 Nb6 19. Bc1 Rfe8 20. a4 Rcd8 21. a5 Nc4
22. Na4 Nce5 23. Nxe5 Nxe5 24. Nxc5 Bc8 25. dxe6 Bxe6 26. Nxe6 Qxe6 27. Qxc7
Nd3 28. Rf1 Rc8 29. Qa7 Nc5 30. Ba3 Nxe4 31. Bxe4 Qxe4 32. Qxa6 Ra8 33. Qb5
Reb8 34. Qd5 Qa4 35. Bd6 Rd8 36. Qf3 Qxa5 1/2-1/2

[Event "SK Münster 3 - SC Gronau 1"]
[Site "Regionalliga 2016/2017"]
[Date "2017.03.11"]
[Round "7.6"]
[White "Freise, Eckhard"]
[Black "Reckzügel, Philipp"]
[Result "0-1"]
[WhiteElo "1785"]
[BlackElo "1914"]
[PlyCount "62"]
[EventDate "2017.??.??"]
[SourceDate "2016.10.07"]

1. d4 Nf6 2. c4 e6 3. Nc3 d5 4. cxd5 exd5 5. Bg5 Be7 6. Qc2 O-O 7. e3 h6 8. Bh4
Re8 9. Bd3 c6 10. Nge2 Nbd7 11. O-O b6 12. Bg3 Bb7 13. Rab1 Nh5 14. b4 Nxg3 15.
Nxg3 a5 16. bxa5 Rxa5 17. e4 dxe4 18. Bxe4 Nf6 19. Rfe1 Nxe4 20. Ncxe4 Rd5 21.
Qb2 Rb5 22. Qc3 Qd5 23. Rxb5 Qxb5 24. d5 Qa4 25. Rc1 cxd5 26. Nf5 d4 27. Qg3
Bg5 28. f4 Bxe4 29. Nd6 Re6 30. fxg5 d3 31. gxh6 Qd4+ 0-1

[Event "SK Münster 3 - SC Gronau 1"]
[Site "Regionalliga 2016/2017"]
[Date "2017.03.11"]
[Round "7.7"]
[White "Baer, Klaus"]
[Black "Hartmann, Steffen"]
[Result "1/2-1/2"]
[WhiteElo "1628"]
[BlackElo "1887"]
[PlyCount "32"]
[EventDate "2017.??.??"]
[SourceDate "2016.10.07"]

1. d4 Nf6 2. Nf3 g6 3. c4 c5 4. Nc3 Bg7 5. e4 cxd4 6. Nxd4 d6 7. Be2 O-O 8. Be3
Nc6 9. f3 Bd7 10. Qd2 Re8 11. O-O a6 12. Rfd1 Rc8 13. Rac1 Qa5 14. Nb3 Qh5 15.
Nd5 Be6 16. Nf4 Qe5 1/2-1/2

[Event "SK Münster 3 - SC Gronau 1"]
[Site "Regionalliga 2016/2017"]
[Date "2017.03.11"]
[Round "7.8"]
[White "Vogenauer, Nikolas"]
[Black "Schwabenland, Arthur"]
[Result "1-0"]
[WhiteElo "1694"]
[BlackElo "1241"]
[PlyCount "77"]
[EventDate "2017.??.??"]
[SourceDate "2016.10.07"]

1. e4 c6 2. d4 d5 3. Nc3 dxe4 4. Nxe4 Bf5 5. Ng3 Bg6 6. Nf3 Nd7 7. h4 h5 8. Bd3
Bxd3 9. Qxd3 g6 10. Bd2 Bg7 11. O-O Qc7 12. Rfe1 O-O-O 13. Ng5 Rf8 14. c3 Bf6
15. N3e4 e6 16. b4 Be7 17. Qc4 Nb6 18. Qb3 Nf6 19. Nc5 Nfd5 20. c4 Nf4 21. g3
Bxg5 22. hxg5 Nh3+ 23. Kg2 Nxf2 24. Kxf2 h4 25. Bf4 hxg3+ 26. Qxg3 Qd8 27. Be5
Rh5 28. Bf6 Qc7 29. Qxc7+ Kxc7 30. Rxe6 fxe6 31. Nxe6+ Kd7 32. Nxf8+ Ke8 33.
Nxg6 Nxc4 34. Re1+ Kf7 35. Ne5+ Nxe5 36. dxe5 b6 37. e6+ Ke8 38. Rd1 Rh2+ 39.
Kg3 1-0

[Event "Südlohner SV 1 - SG Turm Raesfeld/Erle"]
[Site "Regionalliga 2016/2017"]
[Date "2017.03.11"]
[Round "7.1"]
[White "Wilger, Frank"]
[Black "Kolakovic, Klaudio"]
[Result "1-0"]
[WhiteElo "2063"]
[BlackElo "1983"]
[PlyCount "57"]
[EventDate "2017.??.??"]
[SourceDate "2016.10.07"]

1. Nf3 g6 2. d4 Bg7 3. e4 d6 4. c3 Nf6 5. Bd3 Nfd7 6. Be3 e5 7. Qd2 Nc6 8. O-O
O-O 9. Na3 Qe7 10. Rfe1 b6 11. Rad1 a6 12. Bc4 Bb7 13. Bg5 Bf6 14. Bd5 Bxg5 15.
Nxg5 Rad8 16. Nc2 Kg7 17. h4 h6 18. Nf3 Ndb8 19. dxe5 dxe5 20. Qe2 a5 21. Ne3
Rfe8 22. h5 Ba6 23. Qc2 Na7 24. hxg6 fxg6 25. Ng4 c6 26. Bb3 Rxd1 27. Rxd1 Qc5
28. Qc1 g5 29. Nxh6 1-0

[Event "Südlohner SV 1 - SG Turm Raesfeld/Erle"]
[Site "Regionalliga 2016/2017"]
[Date "2017.03.11"]
[Round "7.2"]
[White "Völker, Christian"]
[Black "Gesing, Felix"]
[Result "1-0"]
[WhiteElo "2004"]
[BlackElo "1960"]
[PlyCount "69"]
[EventDate "2017.??.??"]
[SourceDate "2016.10.07"]

1. e4 d6 2. d4 Nf6 3. Nc3 g6 4. Be3 c6 5. h3 b5 6. e5 dxe5 7. dxe5 Qxd1+ 8.
Rxd1 Nfd7 9. f4 Bg7 10. Be2 O-O 11. Nxb5 cxb5 12. Bf3 Nb6 13. Bxb6 axb6 14.
Bxa8 Bf5 15. c3 Na6 16. Bc6 b4 17. Ne2 bxc3 18. Nxc3 Nc5 19. O-O Rc8 20. Bb5 h5
21. Nd5 Bf8 22. Ne3 Ne4 23. Rc1 Ra8 24. g4 hxg4 25. hxg4 Ra5 26. a4 Be6 27.
Rfd1 Bb3 28. Rd8 Nc5 29. Nc4 Bxc4 30. Rxc4 Ra7 31. Rb8 Kg7 32. b4 Ne6 33. Rcc8
Nxf4 34. Rxf8 Rc7 35. Rbc8 1-0

[Event "Südlohner SV 1 - SG Turm Raesfeld/Erle"]
[Site "Regionalliga 2016/2017"]
[Date "2017.03.11"]
[Round "7.3"]
[White "Brömmel, Rudolf"]
[Black "Dönnebrink, Elmar"]
[Result "1/2-1/2"]
[WhiteElo "1929"]
[BlackElo "2040"]
[PlyCount "90"]
[EventDate "2017.??.??"]
[SourceDate "2016.10.07"]

1. c4 Nf6 2. b3 g6 3. Bb2 Bg7 4. g3 O-O 5. Bg2 d6 6. Nf3 e5 7. d3 Nc6 8. Nbd2
Bd7 9. O-O Nh5 10. Ne1 Qc8 11. a3 Bh3 12. b4 Bxg2 13. Nxg2 f5 14. b5 Ne7 15. f4
exf4 16. Bxg7 Kxg7 17. Nxf4 Nxf4 18. gxf4 Qe6 19. Rf2 Ng8 20. Nf1 Nf6 21. e3
Rae8 22. Qf3 d5 23. Rc1 Re7 24. Rfc2 c6 25. bxc6 bxc6 26. h3 Rb8 27. cxd5 cxd5
28. Rc6 Qf7 29. Qd1 Rb2 30. Qa4 Reb7 31. Qd4 R2b6 32. a4 Rxc6 33. Rxc6 Rc7 34.
Ra6 Qe7 35. Nd2 Kf7 36. Nf3 Kg7 37. Ng5 Rb7 38. Re6 Qf8 39. Ra6 Qe7 40. Re6 Qf8
41. a5 h6 42. a6 Re7 43. Qe5 Re8 44. Nf3 Rxe6 45. Qxe6 Qa3 1/2-1/2

[Event "Südlohner SV 1 - SG Turm Raesfeld/Erle"]
[Site "Regionalliga 2016/2017"]
[Date "2017.03.11"]
[Round "7.4"]
[White "Darwisch, Khaled"]
[Black "Pollok, Ralf"]
[Result "1-0"]
[WhiteElo "2053"]
[BlackElo "1956"]
[PlyCount "43"]
[EventDate "2017.??.??"]
[SourceDate "2016.10.07"]

1. e4 d5 2. exd5 Qxd5 3. Nc3 Qd8 4. Bc4 Nf6 5. Nf3 Bf5 6. Ne5 Bg6 7. Qf3 c6 8.
d3 e6 9. Bg5 Be7 10. O-O O-O 11. Rae1 Nbd7 12. Nxg6 hxg6 13. Qh3 Nc5 14. a4 Qd4
15. b4 Qxc3 16. bxc5 Bxc5 17. Rxe6 Rae8 18. Bxf6 gxf6 19. Rxe8 Rxe8 20. Qh6
Bxf2+ 21. Kxf2 Qd4+ 22. Kf3 1-0

[Event "Südlohner SV 1 - SG Turm Raesfeld/Erle"]
[Site "Regionalliga 2016/2017"]
[Date "2017.03.11"]
[Round "7.5"]
[White "Borutta, Niklas"]
[Black "Funke, Reinhard"]
[Result "1/2-1/2"]
[WhiteElo "2047"]
[BlackElo "2015"]
[PlyCount "31"]
[EventDate "2017.??.??"]
[SourceDate "2016.10.07"]

1. d4 Nf6 2. Nf3 e6 3. c4 d5 4. g3 Be7 5. Bg2 O-O 6. O-O dxc4 7. Qc2 a6 8. a4
Nbd7 9. Qxc4 b5 10. Qb3 Bb7 11. axb5 Bd5 12. Qd3 Be4 13. Qb3 Bd5 14. Qc2 Be4
15. Qb3 Bd5 16. Qd3 1/2-1/2

[Event "Südlohner SV 1 - SG Turm Raesfeld/Erle"]
[Site "Regionalliga 2016/2017"]
[Date "2017.03.11"]
[Round "7.6"]
[White "Telöken, Daniel"]
[Black "Bergemann, Martin"]
[Result "1/2-1/2"]
[WhiteElo "1894"]
[BlackElo "1900"]
[PlyCount "42"]
[EventDate "2017.??.??"]
[SourceDate "2016.10.07"]

1. c4 c5 2. Nc3 g6 3. g3 Bg7 4. Bg2 Nh6 5. e4 Nc6 6. Nge2 d6 7. d3 O-O 8. O-O
Bd7 9. h3 Nd4 10. Be3 Nxe2+ 11. Nxe2 f5 12. Qd2 Nf7 13. Rac1 fxe4 14. dxe4 Ne5
15. f4 Nc6 16. Rfd1 Be6 17. g4 Qa5 18. Qxa5 Nxa5 19. b3 Rad8 20. Rd3 Nc6 21.
Rf1 a6 1/2-1/2

[Event "Südlohner SV 1 - SG Turm Raesfeld/Erle"]
[Site "Regionalliga 2016/2017"]
[Date "2017.03.11"]
[Round "7.7"]
[White "Brömmel, Chris"]
[Black "Hater, Wolfgang"]
[Result "0-1"]
[WhiteElo "1770"]
[BlackElo "2024"]
[PlyCount "90"]
[EventDate "2017.??.??"]
[SourceDate "2016.10.07"]

1. e4 e5 2. Nf3 Nc6 3. Bb5 Nge7 4. d4 exd4 5. Nxd4 d6 6. O-O Bd7 7. Be3 Ng6 8.
f4 Be7 9. Nd2 O-O 10. Nxc6 Bxc6 11. Bd3 d5 12. exd5 Qxd5 13. Qe2 Bf6 14. Be4
Qd7 15. Bxc6 Qxc6 16. c3 Rfe8 17. Qf2 Nh4 18. Nf3 Nxf3+ 19. Qxf3 Qxf3 20. Rxf3
Rad8 21. Re1 h5 22. Rf2 Kh7 23. g3 Rd5 24. Rfe2 a5 25. Kf2 a4 26. a3 Kg6 27.
Rd2 Red8 28. Red1 Rxd2+ 29. Rxd2 Rxd2+ 30. Bxd2 Kf5 31. Kf3 Be7 32. h3 Ke6 33.
Ke4 f5+ 34. Kd4 b5 35. Be1 Kd6 36. Bd2 c6 37. Kd3 Kd5 38. Be3 h4 39. Bf2 Bd6
40. gxh4 Bxf4 41. h5 c5 42. Be3 Bxe3 43. Kxe3 Ke5 44. Kf3 f4 45. h4 Kf5 0-1

[Event "Südlohner SV 1 - SG Turm Raesfeld/Erle"]
[Site "Regionalliga 2016/2017"]
[Date "2017.03.11"]
[Round "7.8"]
[White "Schmeing, Walter"]
[Black "Kadenbach, Wolfgang"]
[Result "1-0"]
[WhiteElo "1990"]
[BlackElo "1746"]
[PlyCount "67"]
[EventDate "2017.??.??"]
[SourceDate "2016.10.07"]

1. e4 e6 2. Qe2 Be7 3. g3 d5 4. e5 c5 5. Bg2 Nc6 6. f4 Nh6 7. Nf3 O-O 8. O-O f6
9. exf6 Bxf6 10. d3 Qb6 11. c3 Bd7 12. Bh3 Rae8 13. Nbd2 a6 14. Ne5 Bxe5 15.
fxe5 Rxf1+ 16. Bxf1 Nf7 17. Nf3 d4 18. Bf4 Ne7 19. cxd4 cxd4 20. Qf2 Nc6 21.
Re1 Rf8 22. Qc2 Nh8 23. Bh3 h6 24. Qc4 Kf7 25. Rf1 Ke7 26. b3 Rc8 27. Bc1 Nxe5
28. Nxe5 Rxc4 29. Nxc4 Qc7 30. Ba3+ Kd8 31. Rf8+ Be8 32. Rxh8 b5 33. Nd6 Qa5
34. Nb7+ 1-0

[Event "SK Bocholt 1 - SC Klein-Berlin Rheine 1"]
[Site "Regionalliga 2016/2017"]
[Date "2017.03.11"]
[Round "7.1"]
[White "Ottens, Stephan"]
[Black "Fuest, Martin"]
[Result "1/2-1/2"]
[WhiteElo "2120"]
[BlackElo "2156"]
[PlyCount "24"]
[EventDate "2017.??.??"]
[SourceDate "2016.10.07"]

1. e4 c6 2. d4 d5 3. Nc3 dxe4 4. Nxe4 Nf6 5. Nxf6+ exf6 6. Be3 Bd6 7. Bd3 Bf5
8. Bxf5 Qa5+ 9. c3 Qxf5 10. Qf3 Qxf3 11. Nxf3 Nd7 12. O-O-O Nb6 1/2-1/2

[Event "SK Bocholt 1 - SC Klein-Berlin Rheine 1"]
[Site "Regionalliga 2016/2017"]
[Date "2017.03.11"]
[Round "7.2"]
[White "Liesmann, Karsten"]
[Black "Brümmer, Frank"]
[Result "0-1"]
[WhiteElo "2006"]
[BlackElo "2166"]
[PlyCount "122"]
[EventDate "2017.??.??"]
[SourceDate "2016.10.07"]

1. d4 c5 2. e3 e6 3. Nf3 Nf6 4. Bd3 d5 5. b3 cxd4 6. exd4 Nc6 7. O-O Bd6 8. Bb2
Qc7 9. c4 O-O 10. Nc3 a6 11. Re1 b6 12. a3 Bb7 13. Rc1 Rac8 14. cxd5 exd5 15.
b4 Qb8 16. Bb1 Rfe8 17. Qd3 Ne7 18. Na4 Bc7 19. Nc3 Ng6 20. g3 Bd6 21. Ba2
Rxe1+ 22. Rxe1 Qc7 23. Qf5 Ne7 24. Qd3 Ne4 25. Bxd5 Nxd5 26. Nxe4 Bf8 27. Rc1
Qd7 28. Neg5 Rxc1+ 29. Bxc1 Nf6 30. Ne5 Qd5 31. f3 a5 32. Ng4 Bd6 33. Nxf6+
gxf6 34. Ne4 Be7 35. bxa5 Qxa5 36. Kf2 Ba6 37. Qe3 Qb5 38. Nd2 Bf8 39. g4 Bd6
40. Kg2 Kg7 41. h4 h5 42. Qe4 hxg4 43. Qxg4+ Kf8 44. Qe4 f5 45. Qe3 Qc6 46.
Qh6+ Ke8 47. Nf1 Bxf1+ 48. Kxf1 Qxf3+ 49. Kg1 Kd7 50. Be3 Qg3+ 51. Kf1 f4 52.
Bf2 Qd3+ 53. Ke1 Qxa3 54. Qf6 Qa1+ 55. Ke2 Qa2+ 56. Kf3 Qd5+ 57. Kg4 Qg2+ 58.
Kf5 Qd5+ 59. Kg4 b5 60. h5 Qg2+ 61. Kf5 Qh3+ 0-1

[Event "SK Bocholt 1 - SC Klein-Berlin Rheine 1"]
[Site "Regionalliga 2016/2017"]
[Date "2017.03.11"]
[Round "7.3"]
[White "Henneberger, Sven"]
[Black "Steiner, Karl"]
[Result "1/2-1/2"]
[WhiteElo "2092"]
[BlackElo "1941"]
[PlyCount "89"]
[EventDate "2017.??.??"]
[SourceDate "2016.10.07"]

1. Nf3 d5 2. d4 c6 3. e3 Bg4 4. Be2 Nd7 5. O-O Ngf6 6. c4 e6 7. Nc3 Be7 8. Nd2
Bxe2 9. Qxe2 O-O 10. e4 Nxe4 11. Ncxe4 dxe4 12. Nxe4 Nf6 13. Rd1 Qc7 14. Nc3
Rad8 15. Bg5 Rd7 16. Rd3 Rfd8 17. Rad1 a6 18. Ne4 Nxe4 19. Bxe7 Nc3 20. bxc3
Rxe7 21. Qe4 g6 22. Qh4 Kg7 23. Rh3 h5 24. Rf3 Ree8 25. Qf6+ Kg8 26. Re1 Qe7
27. Qe5 b5 28. c5 Rd5 29. Qf4 Red8 30. h3 Rf5 31. Qe4 Rxf3 32. Qxf3 Rd5 33. Qf4
Qd8 34. a3 Rf5 35. Qe4 Qd5 36. Qxd5 Rxd5 37. Kf1 Kf8 38. Ke2 e5 39. Kd3 exd4
40. cxd4 a5 41. h4 Rd7 42. Re2 Re7 43. Rb2 Re1 44. Kd2 Re4 45. Kd3 1/2-1/2

[Event "SK Bocholt 1 - SC Klein-Berlin Rheine 1"]
[Site "Regionalliga 2016/2017"]
[Date "2017.03.11"]
[Round "7.4"]
[White "Hunhoff, Sebastian"]
[Black "Brümmer, Andreas"]
[Result "1-0"]
[WhiteElo "1912"]
[BlackElo "1925"]
[PlyCount "61"]
[EventDate "2017.??.??"]
[SourceDate "2016.10.07"]

1. c4 b6 2. Nc3 Bb7 3. d3 e6 4. e4 c5 5. g3 Nc6 6. Bg2 d6 7. Nge2 Nge7 8. Be3
g6 9. Qd2 Qd7 10. a3 Bg7 11. Bh6 Bxh6 12. Qxh6 O-O-O 13. O-O f5 14. Qe3 h5 15.
h4 Kb8 16. Rab1 Ne5 17. b4 Ng4 18. Qd2 e5 19. Nd5 Nxd5 20. cxd5 f4 21. bxc5
dxc5 22. gxf4 Qe7 23. f3 Qxh4 24. fxg4 hxg4 25. Qe3 Qh2+ 26. Kf2 exf4 27. Qxf4+
Qxf4+ 28. Nxf4 Ba6 29. Ke3 g5 30. Ne6 Rdg8 31. Rh1 1-0

[Event "SK Bocholt 1 - SC Klein-Berlin Rheine 1"]
[Site "Regionalliga 2016/2017"]
[Date "2017.03.11"]
[Round "7.5"]
[White "Langhans, Jörg"]
[Black "Gajic, Goran"]
[Result "1/2-1/2"]
[WhiteElo "1907"]
[BlackElo "1953"]
[PlyCount "68"]
[EventDate "2017.??.??"]
[SourceDate "2016.10.07"]

1. e4 d6 2. d4 Nf6 3. Nc3 g6 4. f4 Bg7 5. Nf3 c6 6. Bd3 Bg4 7. e5 Nd5 8. Nxd5
cxd5 9. O-O Qb6 10. Kh1 e6 11. c3 O-O 12. Qe1 Bf5 13. Bxf5 exf5 14. h3 Nc6 15.
b3 Nd8 16. Ba3 Ne6 17. Bxd6 Rfe8 18. Qd2 Rac8 19. Rac1 Bh6 20. Ng5 Bxg5 21.
fxg5 Qd8 22. c4 Nxg5 23. cxd5 Rxc1 24. Rxc1 Ne4 25. Qb4 Nf2+ 26. Kh2 Nd3 27.
Qc3 Nxc1 28. Qxc1 Qa5 29. Qc4 Qd2 30. e6 Qe3 31. exf7+ Kxf7 32. Be5 Rxe5 33.
dxe5 Qxe5+ 34. Kh1 Qe1+ 1/2-1/2